Music Quiz

Random Music or Rock Quiz

Smashing Pumpkins Albums Quiz Stats

 Plays Quiz Updated Mar 2, 2019

Score 0/11 Timer 05:00
0 Plays Today
Year Album % Correct
1993Siamese Dream
88.3%
1995Mellon Collie and the Infinite Sadness
83.5%
1991Gish
82.5%
1998Adore
69.4%
2000Machina/The Machines of God
57.5%
2007Zeitgeist
47.6%
2000Machina II/The Friends & Enemies of Modern Music
40.6%
2012Oceania
37.7%
2018Shiny and Oh So Bright, Vol. 1 / LP: No Past. No Future. No Sun.
34%
2014Monuments to an Elegy
23.2%
2009-2014Teargarden by Kaleidyscope
21.9%

You're not logged in!

Compare scores with friends on all Sporcle quizzes.
OR
Log In

Sporcle TV

Today on Sporcle TV


Watch our educational content, quiz creation guides, and fun videos on Sporcle TV.

Show Comments

Extras

Top Quizzes Today


Score Distribution

Your Account Isn't Verified!

In order to create a playlist on Sporcle, you need to verify the email address you used during registration. Go to your Sporcle Settings to finish the process.

Report this User

Report this user for behavior that violates our Community Guidelines.

Details: